Understanding ETF options : (Record no. 3726)

MARC details
000 -LEADER
fixed length control field 01116cam a2200181 a 4500
020 ## - INTERNATIONAL STANDARD BOOK NUMBER
ISBN 9780071760300 (alk. paper)
020 ## - INTERNATIONAL STANDARD BOOK NUMBER
ISBN 007176030X (alk. paper)
050 00 - CALL NUMBER
Classification number HG6043
Item number .T74
100 1# - AUTHOR
Personal name Trester, Kenneth R.
245 10 - TITLE
Title Understanding ETF options :
Remainder of title profitable strategies for diversified, low-risk investing /
Statement of responsibility, etc Kenneth R. Trester.
260 ## - PUBLICATION INFORMATION
Place of publication New York :
Name of publisher McGraw-Hill,
Year of publication c2012.
300 ## - DESCRIPTION
Number of Pages vi, 233 p. ;
Dimensions 24 cm.
500 ## - NOTES
General note Includes index.
505 ## - FORMATTED CONTENTS NOTE
Table of Content Chapter 1: Investing in a dangerous environment; Chapter 2: Beware of Rouge Waves; Chapter 3: The Explosion of ETF's; chapter 4: Look our for Elephants and Sharks; Chapter 5: Diversify, Diversify, Diversify; Chapter 6: Don't Follow the Money Managers; Chapter 7: Options Made Easy; Chapter 8: The Secret Advantage to Buying Options; Chapter 9: The Secret Path Followed by Option Professionals; Chapter 10: How to Buy Stocks and ETF's at Lower Prices; Chapter 11: Introduction to Option Writing; Chapter 12: The Win-Win Strategy; Chapter 13: Valuing Option Plays
650 #0 - SUBJECTS
Topical Term Exchange traded funds.
650 #0 - SUBJECTS
Topical Term Options (Finance)
942 ## - ADDED ENTRY ELEMENTS (KOHA)
Koha item type Books
Holdings
Withdrawn status Lost status Collection code Home library Current library Shelving location Date acquired Full call number Accession Number Koha item type
    Reference Methodist University Library Main Methodist University Library Main General Stacks 17/10/2013 HG6043 .T74 38593 Books
    Reference Methodist University Library Main Methodist University Library Main General Stacks 17/10/2013 HG6043 .T74 38594 Books
Copyright © 2026  MUG Library